000 00280nam a2200133Ia 4500
100 _aCanning
942 _cBK
654 _aHand Book
245 _aCanning Hand Book On Electroplating
260 _bW.Canning & Co
_c2001
082 _a671.7
300 _a885
546 _aENGLISH
999 _c22754
_d22754